| 000 | 00737nam a22002177a 4500 | ||
|---|---|---|---|
| 999 |
_c16338 _d16338 |
||
| 003 | AR-CdUCM | ||
| 008 | 190503b ||||| |||| 00| 0 spa d | ||
| 040 |
_aMUNICIPALIDAD PROVINCIAL DEL CUSCO _cBIBLIOTECA MUNICIPAL DEL CUSCO |
||
| 082 |
_a155 / _bW19 |
||
| 100 |
_aWald, Lucio _935726 |
||
| 245 | _aDesviaciones sexuales / | ||
| 260 |
_aBarcelona : _bVecchi, _c1969. |
||
| 300 |
_a116 paginas ; _c17 cm. |
||
| 505 | _aContenido : Cuadro clĂnico de desviaciones sexuales en el hombre -- Paradoja -- Anestesia -- Hiperestesia -- Sadismo... | ||
| 650 |
_aSexualidad _99609 |
||
| 650 |
_aDesviaciones sexuales _935727 |
||
| 650 |
_aPedofilia _935728 |
||
| 650 |
_aZoofilia _935729 |
||
| 942 |
_2ddc _cLIBROS |
||
| 945 |
_awnts _d2019-05-3 |
||